000 00552nam a2200193 a 4500
005 20210223125433.0
008 040913s2000 mx r 000 0 spa d
020 _a9681906152
035 _aUPN01000134708
049 _aCG
050 4 _aPQ7298.13 L3
_bD4.6
100 1 _aClavel, Ana,
_d1961-
_932581
245 1 4 _aLos deseos y su sombra /
_cAna Clavel.
260 _aMéxico :
_bAlfaguara,
_c2000.
300 _a310 p.
650 4 _aCONDUCTA SUICIDA -
_vNOVELA
_9379
651 4 _aMEXICO (CIUDAD) -
_xDESCRIPCION Y VIAJES -
_vNOVELA
905 _aLibro
999 _c106859
_d106859